U.S. Cities: Sudden Death - Statistics

General Stats
  • This quiz has been taken 226 times
  • The average score is 17 of 25
Answers on the Grid
Answers color-coded by a green-red scale on the quiz's grid according to % correct below.
New York
Austin
Manila
Houston
Santiago
Chattanooga
Atlanta
Salvador
Cali
Tula
Las Cruces
Newark
Sheffield
San Francisco
Vallejo
Dallas
Los Angeles
Surat
Chula Vista
Boise
Peterborough
Lexington
Orleans
Santa Fe
Perth
Tilburg
Odessa
Tyre
Memphis
Miami
Nottingham
San Luis
Fayetteville
Sinop
San Diego
Natal
Sydney
Las Vegas
Hull
Essen
Adelaide
St Louis
Leeds
Amboise
Seattle
Oruro
Greenville
Lisbon
Buffalo
Amsterdam
 
Answer Stats
Answer % Correct
New York
97%
Austin
96%
Houston
92%
Atlanta
88%
Los Angeles
87%
Dallas
86%
San Francisco
86%
Santa Fe
78%
Seattle
78%
Buffalo
76%
Memphis
76%
Miami
76%
Newark
76%
St Louis
74%
Boise
73%
Las Vegas
73%
San Diego
69%
Lexington
63%
Chattanooga
58%
Fayetteville
57%
Greenville
52%
Las Cruces
39%
Chula Vista
38%
Odessa
27%
Vallejo
27%
No matching quizzes found
Score Distribution
Percent of People with Each Score
Percentile by Number Answered
Your Score History
You have not taken this quiz